Guess the Car by its Original Creator - Statistics

General Stats
  • This quiz has been taken 21 times
  • The average score is 8 of 15
Answer Stats
Hint Answer % Correct
Enzo... Ferrari
95%
Henry... Ford
89%
Alfieri Maserati Maserati
89%
Kiichiro... Toyota
84%
Nicola Romeo Alfa Romeo
79%
Ferrucio Lamborghini
68%
Karl Rapp, Gustav Otto, Camillo Castiglioni, and Franz Josef Popp BMW
58%
Chung Ju-Yung Hyundai
58%
Yoshisuke Aikawa Nissan
42%
Lionel Martin and Robert Bamford Aston Martin
37%
Ettore... Bugatti
37%
Vaclav Laurin and Vaclav Klement Skoda
32%
Henry R. and Charles R. Rolls Royce
26%
John and France... Dodge
21%
Carroll... Shelby
16%
No matching quizzes found
Score Distribution
Percent of People with Each Score
Percentile by Number Answered
Your Score History
You have not taken this quiz